000 00688nam a22002172 4500
001 0000019550
005 20151217152157.0
008 110107s xx 000 0 eng d
020 _a9781565937086 :
040 _aKABU
_cKABU
100 1 _aTaylor, Ronald L.
_@0000168306
245 1 0 _aAssessment of individuals with mental retardation /
_cRonald L. Taylor.
250 _a1st ed.
260 _aLondon :
_bSingular,
_c1997.
300 _ax, 244 p.
650 0 _aMentally handicapped
_xPsychological testing.
_@0000179319
650 0 _aMental retardation
_xDiagnosis.
_@0000179320
852 1 _9p7360 KES
908 _a110107
950 _@1
999 _c8996
_d8996